| 000 | 00580nam a22002051 4500 | ||
|---|---|---|---|
| 001 | bimo0000922361 | ||
| 003 | OSt | ||
| 005 | 20150117213002.0 | ||
| 008 | 900725s1947 ag spa | ||
| 035 | _a(OCoLC)432004736 | ||
| 040 |
_aSpMaBN _cBMC |
||
| 082 | _a891.7 | ||
| 100 |
_9122 _aGogol, Nicolás _d1809-1852 |
||
| 245 | 1 | 0 |
_aCuentos ucranios _cNicolás Gogol ; [versión directa del ruso por León Mirlas] |
| 260 | 0 |
_aBuenos Aires _bEspasa-Calpe Argentina _c1947 |
|
| 300 |
_a166 p. _c18 cm |
||
| 490 | 0 |
_aAustral _v746 |
|
| 700 |
_9335 _aMirlas, León |
||
| 942 |
_2ddc _cBK |
||
| 999 |
_c411 _d411 |
||